Statystyki dla Stadiony Świata

Kliknij tutaj aby rozwiązać quiz!

Ogólne statystyki

  • Ten quiz został rozwiązany 150 razy
  • Średni wynik to 9 z 15

Statystyki odpowiedzi

ZagadnienieOdpowiedź% Poprawnych
Spartak Ariena to stadion :Spartaka Moskwa
88%
St. James’s Park to jeden z największych stadionów w Anglii. Kogo to stadionNewcastle
82%
Stade Veledrome miesci się w:Marsylii
74%
Jaka drużyna gra na Stadio San Paolo?Napoli
72%
Legendarny stadion Maracanã leży w:Rio de Janeiro
70%
Kto gra na Stadionie im. Ernesta PohlaGórnik Zabrze
69%
Veltins-Arena to stadionSchalke
63%
Kto gra na stadionie Miejskim w KrakowieWisła Kraków
61%
Stadion Parken jest w:Danii
58%
San Mamés leży wBilbao
55%
W jakim mieście jest Aviva Stadium?Dublinie
54%
Na którym stadionie odbył się finał Ligi Mistrzów w sezonie 2018/2019Wanda Metropolitano
54%
Mercedes-Benz Stadium znajduje się wAtlancie
50%
Türk Telekom Arena to stadionGalatasaray
44%
Allianz Stadium to stadionJuventusu
40%

Rozkład punktacji

Percentyl według liczby udzielonych odpowiedzi

Procent ludzi z każdym wynikiem

Twoja historia wyników

Nie rozwiązałeś tego quizu